000 00291nam a2200121Ia 4500
005 20250423100908.0
008 250422s9999 xx 000 0 und d
020 _a978-975-8690-25-1
245 0 _aSELT English Turkish Dictionary
260 _bSelt Publishing
260 _c2007
942 _cBK
999 _c34671
_d34671